00687nam a2200193 a 450000100100000000500170001000800410002702000180006804000250008608200130011110000250012424501420014926000360029130000280032750000580035550400260041370000260043970000280046500004684820210616135554.0180403s2015 dr a 000 0 spa d a9789945167085 aDO-SdBNPbspacBNPHU axxxbxxx1 aNina Gómez, Carlos10aRanking mundial del boxeo :blos 30 más grandes de la historia /cCarlos Nina Gómez ; fotografías Carlos Mejía, Jhonny Roquestan. aSanto Domingo :bBúho,c2015. a456 p. :bil. ;c23 cm. aIncluye datos biográficos del autor en las solapas. aBibliografía p: 55912aMejía, Carlosefot.12aRoquestan, Jhonnyefot.